Главни градови Азије - Statistics

General Stats
  • This quiz has been taken 5 343 times
  • The average score is 29 of 48
Answer Stats
Држава Главни град % Correct
Кина Пекинг
91%
Јапан Токио
90%
Индија Њу Делхи
84%
Азербејџан Баку
83%
Израел Јерусалим
83%
Турска Анкара
80%
Јужна Кореја Сеул
79%
Иран Техеран
77%
Кипар Никозија
77%
Авганистан Кабул
76%
Јерменија Јереван
76%
Индонезија Џакарта
72%
Ирак Багдад
72%
Сингапур Сингапур
72%
Катар Доха
71%
Грузија Тбилиси
70%
Северна Кореја Пјонгјанг
70%
Кувајт Кувајт
69%
Уједињени Арапски Емирати Абу Даби
69%
Бангладеш Дака
68%
Филипини Манила
68%
Саудијска Арабија Ријад
67%
Јордан Аман
63%
Казахстан Астана
63%
Монголија Улан Батор
60%
Сирија Дамаск
60%
Пакистан Исламабад
59%
Тајланд Бангкок
58%
Камбоџа Пном Пен
56%
Либан Бејрут
55%
Малезија Куала Лумпур
54%
Малдиви Мале
53%
Бахреин Манама
52%
Вијетнам Ханој
52%
Јемен Сана
50%
Источни Тимор Дили
49%
Бутан Тимбу
48%
Непал Катманду
48%
Таџикистан Душанбе
48%
Киргистан Бишкек
47%
Узбекистан Ташкент
44%
Тајван Тајпеј
41%
Брунеј Бандар Сери Бегаван
40%
Лаос Вијентијан
38%
Оман Мускат
36%
Туркменистан Ашхабад
34%
Шри Ланка Сри Џајаварденепура Коте
33%
Мјанмар Нејпјидо
31%
No matching quizzes found
Score Distribution
Percent of People with Each Score
Percentile by Number Answered
Your Score History
You have not taken this quiz